| 000 | 01212nam a2200301 i 4500 | ||
|---|---|---|---|
| 001 | 77749 | ||
| 003 | ES-MaACL | ||
| 005 | 20250905101956.0 | ||
| 007 | t| | ||
| 008 | 041105s2003 sp ||||1| spa d | ||
| 020 | _a84-95486-65-2 | ||
| 080 | _a821.134.2 Alberti, Rafael (083.824) | ||
| 080 | _a7 Alberti, Rafael (083.824) | ||
| 080 | _a7.036(460)(083.824) | ||
| 245 | 0 | 0 |
_aEntre el clavel y la espada : _bRafael Alberti en su siglo / _c[edición, Carlos Pérez]. |
| 260 |
_a[Madrid] : _bSociedad Estatal de Conmemoraciones Culturales, _c[2003] |
||
| 300 |
_a571 p. : _bil. ; _c26 cm. |
||
| 585 | _aExposición: Museo Nacional Centro de Arte Reina Sofía, Madrid, 16-IX a 24-XI de 2003; Centro Andaluz de Arte Contemporáneo, Sevilla, 16-XII-2003 a 16-II-2004. | ||
| 600 | 0 | 4 |
_aAlberti, Rafael, _d1902-1999- _vExposiciones _919347 |
| 650 | 4 |
_aArte español- _yS.XX- _vExposiciones. _910206 |
|
| 655 | 7 |
_2tgfbne _9193628 _aCatálogos de exposiciones |
|
| 700 | 1 |
_aPérez, Carlos. _990562 |
|
| 710 | 2 |
_aMuseo Nacional Centro de Arte Reina Sofía _9147737 |
|
| 710 | 2 |
_aCentro Andaluz de Arte Contemporáneo. _92563 |
|
| 852 | 4 |
_aES-MaACL _jL-28402 |
|
| 942 | _2udc | ||
| 999 |
_c77749 _d77749 |
||